[Event "Tashkent zt 3.4"]
[Site "Tashkent"]
[Date "2017.06.18"]
[Round "3"]
[White "Markov, Mikhail2222"]
[Black "Arutyunyan, Armen"]
[Result "0-1"]
[WhiteElo "2413"]
[BlackElo "2201"]
[PlyCount "107"]
[EventDate "2017.06.16"]
[EventType "swiss"]
[EventRounds "9"]
[EventCountry "UZB"]
[SourceTitle "CBM 179 Extra"]
[Source "ChessBase"]
[SourceDate "2017.08.23"]
[SourceVersion "1"]
[SourceVersionDate "2017.08.23"]
[SourceQuality "1"]

1. c4 f5 2. g3 Nf6 3. Bg2 g6 4. Nc3 Bg7 5. e4 fxe4 6. Nxe4 Nxe4 7. Bxe4 c6 8. Qf3 e6 9. h4 d5 10. Bc2 e5 11. Ne2 Rf8 12. Qb3 d4 13. d3 b6 14. Bg5 Qc7 15. Qa3 Bg4 16. Bd1 Bf3 17. Rh2 h6 18. Bd2 Nd7 19. Ng1 Bxd1 20. Kxd1 Nf6 21. f3 0-0-0 22. Qa6+ Kb8 23. a4 Qb7 24. Qxb7+ Kxb7 25. Kc2 Nd7 26. b4 Rf7 27. Re1 Bf8 28. f4 exf4 29. gxf4 Bd6 30. Rg2 Bxf4 31. Rxg6 Ne5 32. Re6 Bxd2 33. Kxd2 Ng4 34. Re7+ Rd7 35. Rxd7+ Rxd7 36. Re6 Rg7 37. Ne2 c5 38. bxc5 bxc5 39. Ng3 Ne3 40. Ne4 Rg2+ 41. Kc1 Rg1+ 42. Kb2 h5 43. Nxc5+ Kc7 44. Rh6 Rg2+ 45. Kb3 Nc2 46. a5 Na1+ 47. Ka3 Nc2+ 48. Ka4 Rh2 49. Rxh5 Kc6 50. Nb3 Rh3 51. Rh6+ Kc7 52. Nc5 Ne1 53. Na6+ Kd7 54. c5 0-1

[Event "Tashkent zt 3.4"]
[Site "Tashkent"]
[Date "2017.06.17"]
[Round "2"]
[White "Arutyunyan, Armen"]
[Black "Begmuratov, Alisher"]
[Result "1/2-1/2"]
[WhiteElo "2201"]
[BlackElo "2398"]
[PlyCount "56"]
[EventDate "2017.06.16"]
[EventType "swiss"]
[EventRounds "9"]
[EventCountry "UZB"]
[SourceTitle "CBM 179 Extra"]
[Source "ChessBase"]
[SourceDate "2017.08.23"]
[SourceVersion "1"]
[SourceVersionDate "2017.08.23"]
[SourceQuality "1"]

1. c4 Nf6 2. Nc3 g6 3. d4 Bg7 4. e4 d6 5. Be2 0-0 6. Nf3 e5 7. 0-0 exd4 8. Nxd4 Re8 9. f3 Nc6 10. Nc2 Nd7 11. Be3 Nc5 12. Qd2 a5 13. Rad1 b6 14. Bg5 f6 15. Bh6 Bd7 16. Bxg7 Kxg7 17. Nd5 Ne7 18. Nc3 Nc6 19. Nd5 Be6 20. Nd4 Nxd4 21. Qxd4 Bxd5 22. cxd5 a4 23. Bb5 Re5 24. Bc6 Ra5 25. Rfe1 Qe7 26. Re3 Kg8 27. Rde1 g5 28. g3 Qg7 1/2-1/2